| 000 | 00490nam a2200181Ia 4500 | ||
|---|---|---|---|
| 003 | GCL | ||
| 008 | 140319s9999 xx 000 0 eng d | ||
| 020 | _a9152003841 | ||
| 040 |
_aGCL / _cGCL |
||
| 082 | 0 | 4 |
_aCH _b839.7 _bW C |
| 100 | 1 | _aWESTIN , BOEL | |
| 245 | 1 | 0 |
_aCHILDREN'S LITERATURE IN SWEDEN / _cWESTIN , BOEL |
| 260 |
_aالسويد : _bTHE SWEDISH INSTITUTE ، _c1996 |
||
| 300 |
_a20CM ؛ _c72P |
||
| 650 | 0 | 4 | _aSWEDISH LITURATURE |
| 650 | 0 | 4 | _aSWEDISH FICTION |
| 942 |
_2ddc _cBK |
||
| 999 |
_c7549 _d7549 |
||